[Event "SUI-chT"]
[Site "Switzerland"]
[Date "2024.05.26"]
[Round "4.6"]
[White "Hakimifard, Ghazal"]
[Black "Barth, Can Elian"]
[Result "0-1"]
[WhiteElo "2247"]
[BlackElo "2068"]
[PlyCount "136"]
[EventDate "2024.03.10"]
[EventType "team-tourn"]
[EventRounds "9"]
[EventCountry "SUI"]
[SourceTitle "EXT 2025"]
[Source "ChessBase"]
[SourceDate "2024.10.14"]
[SourceVersion "1"]
[SourceVersionDate "2024.10.14"]
[SourceQuality "1"]
[WhiteTeam "Luzern"]
[BlackTeam "Bern Schwarz Weiss"]
[WhiteTeamCountry "SUI"]
[BlackTeamCountry "SUI"]

1. e4 e6 2. d4 d5 3. Nd2 Be7 4. Bd3 Nf6 5. e5 Nfd7 6. Ne2 c5 7. c3 Nc6 8. Nf3 cxd4 9. cxd4 0-0 10. Nf4 Qa5+ 11. Bd2 Qb6 12. Bc3 Nb4 13. Bb1 f6 14. Nd3 Nc6 15. 0-0 fxe5 16. Ndxe5 Ndxe5 17. dxe5 Bd7 18. Qd3 g6 19. a3 Na5 20. Nd4 Nb3 21. Nxb3 Qxb3 22. Bc2 Qb6 23. Bd4 Bc5 24. Bxc5 Qxc5 25. b4 Qb6 26. Qg3 Rf7 27. Rfd1 Raf8 28. Rd2 Kg7 29. h4 Rf4 30. h5 Be8 31. Re1 Qd8 32. Rc1 Rh4 33. Bd1 Rhf4 34. Rdc2 Rc4 35. Be2 Rxc2 36. Rxc2 a6 37. Bd3 Qe7 38. Qg4 Qf7 39. Qg5 Ba4 40. Re2 Bd1 41. Rd2 Ba4 42. Re2 Qf4 43. Qxf4 Rxf4 44. hxg6 hxg6 45. Re3 Bb5 46. g3 Rd4 47. Bxb5 axb5 48. f4 g5 49. f5 exf5 50. e6 Re4 51. Rc3 Kf6 52. Rc5 Kxe6 53. Rxb5 d4 54. Rb6+ Kd5 55. Rxb7 Re3 56. Rd7+ Ke4 57. Kf2 Rxa3 58. Re7+ Kd3 59. Re5 Ra2+ 60. Ke1 Ra1+ 61. Kf2 Ra2+ 62. Ke1 f4 63. Rxg5 f3 64. Rf5 f2+ 65. Kf1 Kc3 66. Kg2 d3 67. Rf3 Kd4 68. Kf1 Ra1+ 0-1

[Event "SUI-chT"]
[Site "Switzerland"]
[Date "2024.04.28"]
[Round "3.8"]
[White "Barth, Can Elian"]
[Black "Rodriguez Polo, Mateo"]
[Result "0-1"]
[WhiteElo "2068"]
[BlackElo "2159"]
[PlyCount "166"]
[EventDate "2024.03.10"]
[EventType "team-tourn"]
[EventRounds "9"]
[EventCountry "SUI"]
[SourceTitle "CBM 220 Extra"]
[Source "ChessBase"]
[SourceDate "2024.07.31"]
[SourceVersion "1"]
[SourceVersionDate "2024.07.31"]
[SourceQuality "1"]
[WhiteTeam "Bern Schwarz Weiss"]
[BlackTeam "Reti"]
[WhiteTeamCountry "SUI"]
[BlackTeamCountry "SUI"]

1. d4 d5 2. c4 e6 3. Nc3 Nf6 4. cxd5 exd5 5. Bg5 Bb4 6. e3 h6 7. Bxf6 Qxf6 8. Bd3 0-0 9. Qc2 c6 10. Nge2 Nd7 11. 0-0 Qe7 12. Ng3 Nf6 13. Rfe1 Re8 14. f3 c5 15. a3 c4 16. Bh7+ Nxh7 17. Nxd5 Qg5 18. Nxb4 Rxe3 19. Qxc4 Nf6 20. Ne4 Nxe4 21. fxe4 Bh3 22. Qf1 Rb3 23. Qf2 a5 24. Nd5 Ra6 25. Nf4 Bd7 26. Re3 Rxe3 27. Qxe3 Rb6 28. Rb1 Ba4 29. Nd5 Qxe3+ 30. Nxe3 Rb3 31. Nc4 b6 32. d5 Kf8 33. Rc1 Ke7 34. Rc3 Rb5 35. Kf2 Bb3 36. Nd2 Ba2 37. b3 f5 38. Ke3 fxe4 39. Kxe4 a4 40. bxa4 Bxd5+ 41. Ke5 Ra5 42. Rc7+ Kf8 43. Rc3 Bxg2+ 44. Ke6 Kg8 45. Rg3 Bb7 46. Kd6 Rc5 47. Nb3 Rc6+ 48. Kd7 Rc2 49. Nd4 Rc4 50. Nb5 Ba6 51. Nc7 Bb7 52. Nb5 Be4 53. Nd6 Rxa4 54. Nxe4 Rxe4 55. Rb3 Rh4 56. h3 Rc4 57. Rxb6 Rc3 58. a4 Ra3 59. Ra6 Rxh3 60. Ke6 Ra3 61. Kf5 Kh7 62. Ra7 Ra1 63. a5 Rf1+ 64. Kg4 Rg1+ 65. Kh5 Rh1+ 66. Kg4 Rg1+ 67. Kh5 Rg5+ 68. Kh4 Rb5 69. a6 Ra5 70. Ra8 Ra4+ 71. Kg3 Kg6 72. a7 Kg5 73. Kh3 Ra3+ 74. Kg2 h5 75. Kh2 h4 76. Kg2 Kg4 77. Kf2 Ra2+ 78. Kf1 Kg3 79. Ke1 Ra1+ 80. Ke2 h3 81. Rb8 Rxa7 82. Rb3+ Kg2 83. Rb5 Ra3 0-1

[Event "SUI-ch 121st"]
[Site "Samnaun"]
[Date "2022.07.08"]
[Round "6"]
[White "Georgescu, Lena"]
[Black "Barth, Can Elian"]
[Result "1-0"]
[WhiteElo "2279"]
[BlackElo "2040"]
[PlyCount "119"]
[EventDate "2022.07.04"]
[EventType "swiss"]
[EventRounds "9"]
[EventCountry "SUI"]
[SourceTitle "CBM 209 Extra"]
[Source "ChessBase"]
[SourceDate "2022.09.30"]
[SourceVersion "1"]
[SourceVersionDate "2022.09.30"]
[SourceQuality "1"]

1. e4 e6 2. d4 d5 3. Nc3 Bb4 4. e5 c5 5. Bd2 Ne7 6. a3 Bxc3 7. Bxc3 b6 8. Bb5+ Bd7 9. Bd3 Nbc6 10. Nf3 Qb8 11. 0-0 cxd4 12. Bb4 Nxb4 13. axb4 Nc6 14. Re1 Nxb4 15. Ra3 Nxd3 16. Rxd3 0-0 17. Nxd4 f6 18. Rde3 Qc8 19. Rc3 Qd8 20. Qh5 fxe5 21. Qxe5 Rc8 22. Nxe6 Bxe6 23. Qxe6+ Kh8 24. Rxc8 Qxc8 25. c3 Qxe6 26. Rxe6 h6 27. Rd6 Rf5 28. Kf1 Rh5 29. h3 Re5 30. f3 Kg8 31. Kf2 Kf8 32. Rd7 d4 33. Rxd4 a5 34. f4 Rb5 35. Rd2 Ke7 36. Ke3 Ke6 37. g4 g6 38. Ke4 a4 39. Kd4 Rd5+ 40. Ke3 Rb5 41. Re2 Rd5 42. Rd2 Rb5 43. Kd3 Ra5 44. Kc4 a3 45. bxa3 Rxa3 46. Rb2 Ra6 47. Rb3 Ra4+ 48. Rb4 Ra6 49. Kb5 Ra3 50. Kc4 Ra6 51. Kd4 Kf6 52. Ke4 Ke6 53. Kd4 Kf6 54. c4 Ke6 55. Rb5 Kf6 56. Kd5 h5 57. Kd4 hxg4 58. hxg4 Ke6 59. g5 Kd6 60. Rxb6+ 1-0

[Event "SUI-ch 121st"]
[Site "Samnaun"]
[Date "2022.07.07"]
[Round "5"]
[White "Barth, Can Elian"]
[Black "Gschnitzer, Adrian"]
[Result "0-1"]
[WhiteElo "2040"]
[BlackElo "2433"]
[PlyCount "70"]
[EventDate "2022.07.04"]
[EventType "swiss"]
[EventRounds "9"]
[EventCountry "SUI"]
[SourceTitle "CBM 209 Extra"]
[Source "ChessBase"]
[SourceDate "2022.09.30"]
[SourceVersion "1"]
[SourceVersionDate "2022.09.30"]
[SourceQuality "1"]

1. d4 d5 2. c4 e6 3. Nc3 Nf6 4. cxd5 exd5 5. Bg5 Be7 6. e3 0-0 7. Bd3 Re8 8. Nge2 c6 9. 0-0 Ne4 10. Bxe7 Qxe7 11. Qc2 Bf5 12. Rae1 Bg6 13. f3 Nxc3 14. Nxc3 Qd6 15. Bxg6 hxg6 16. Qf2 Na6 17. e4 Nc7 18. e5 Qb4 19. a3 Qc4 20. f4 Re7 21. Ne2 Qc2 22. Qh4 Rae8 23. Rf3 f5 24. Rg3 Re6 25. Qg5 Qd2 26. Kf1 Nb5 27. h4 Nd6 28. h5 Ne4 29. Qh4 Nxg3+ 30. Qxg3 gxh5 31. Qg5 Rf8 32. Ng3 Rff6 33. Ne4 fxe4 34. exf6 Rxf6 35. g3 e3 0-1

[Event "Oberliga Baden 2122"]
[Site "Germany"]
[Date "2022.06.18"]
[Round "6.7"]
[White "Barth, Can Elian"]
[Black "Spiegel, Stefan"]
[Result "1-0"]
[WhiteElo "2029"]
[BlackElo "2130"]
[PlyCount "120"]
[EventDate "2021.10.10"]
[EventType "team-tourn"]
[EventRounds "11"]
[EventCountry "GER"]
[SourceTitle "EXT 2023"]
[Source "ChessBase"]
[SourceDate "2022.10.05"]
[SourceVersion "1"]
[SourceVersionDate "2022.10.05"]
[SourceQuality "1"]
[WhiteTeam "Brombach"]
[BlackTeam "Viernheim II"]
[WhiteTeamCountry "GER"]
[BlackTeamCountry "GER"]

1. d4 Nf6 2. c4 e6 3. Nc3 Bb4 4. e3 Bxc3+ 5. bxc3 d6 6. Nf3 c5 7. Bd3 Nc6 8. 0-0 e5 9. Qc2 0-0 10. Rd1 Qe7 11. Ng5 h6 12. Ne4 b6 13. Nxf6+ Qxf6 14. Be4 Bb7 15. dxc5 dxc5 16. Bd5 Na5 17. e4 Rad8 18. Be3 Rd6 19. Rd3 Rfd8 20. Rad1 Kf8 21. Bc1 Qg6 22. Qe2 Ba6 23. R3d2 Bb7 24. Rd3 Ba6 25. R3d2 Bb7 26. h3 Bc6 27. Rd3 Be8 28. Rg3 Qf6 29. Qh5 Nxc4 30. Rdd3 Rxd5 31. exd5 e4 32. Rd1 Bd7 33. Re1 Bf5 34. Qe2 b5 35. Rd1 Qe5 36. d6 Rxd6 37. Rxd6 Qxd6 38. h4 a6 39. Be3 Qe5 40. Qd1 Ke8 41. Bxh6 g6 42. h5 Nb2 43. Qe2 Nc4 44. hxg6 fxg6 45. Bg5 Kf7 46. Qd1 Qd6 47. Qc1 Qd5 48. Bf4 Nb6 49. Bc7 Nd7 50. c4 Qc6 51. Bf4 Nf6 52. Re3 b4 53. Re1 Be6 54. Rd1 Qa4 55. Be5 Nd7 56. Qf4+ Bf5 57. Rd6 Ke7 58. Qg5+ Ke8 59. Qh6 Nxe5 60. Qh8+ Kf7 1-0

[Event "Oberliga Baden 2122"]
[Site "Germany"]
[Date "2021.10.10"]
[Round "1.4"]
[White "Barth, Can Elian"]
[Black "Schlosser, Philipp"]
[Result "0-1"]
[WhiteElo "2029"]
[BlackElo "2507"]
[PlyCount "132"]
[EventDate "2021.10.10"]
[EventType "team-tourn"]
[EventRounds "11"]
[EventCountry "GER"]
[SourceTitle "EXT 2023"]
[Source "ChessBase"]
[SourceDate "2022.10.05"]
[SourceVersion "1"]
[SourceVersionDate "2022.10.05"]
[SourceQuality "1"]
[WhiteTeam "Brombach"]
[BlackTeam "Baden-Baden III"]
[WhiteTeamCountry "GER"]
[BlackTeamCountry "GER"]

1. d4 d5 2. c4 e6 3. Nc3 c6 4. e4 dxe4 5. Nxe4 Bb4+ 6. Bd2 Qxd4 7. Bxb4 Qxe4+ 8. Ne2 Nd7 9. Qd6 Qe5 10. Qd2 Ngf6 11. 0-0-0 c5 12. Bc3 Qc7 13. f3 b6 14. Qg5 Rb8 15. Ng3 h6 16. Qe3 Kf8 17. Bd3 Bb7 18. Ne4 Nxe4 19. Bxe4 Bxe4 20. Qxe4 Ke7 21. Bxg7 Nf6 22. Bxf6+ Kxf6 23. Qh4+ Kg6 24. Rd2 Rbd8 25. Rhd1 Rxd2 26. Rxd2 Re8 27. Qg3+ Qxg3 28. hxg3 Re7 29. Rd6 f5 30. Kd2 Kf6 31. Ke3 h5 32. b3 Rg7 33. Kf2 Ke7 34. Rd2 Rh7 35. f4 h4 36. gxh4 Rxh4 37. Kf3 Rh1 38. Kf2 Ra1 39. Ke2 Kf6 40. Kf2 e5 41. fxe5+ Kxe5 42. Ke3 Re1+ 43. Kf2 Rc1 44. Ke3 Rc3+ 45. Ke2 Kf4 46. Kf2 a5 47. Re2 a4 48. Rb2 Ke4 49. Ke2 axb3 50. axb3 Rd3 51. Kf2 Kd4 52. Ke2 Kc3 53. Rb1 Rg3 54. Kf2 f4 55. Re1 Kxb3 56. Rb1+ Kxc4 57. Rxb6 Rd3 58. Rf6 Rd4 59. Ke2 Kc3 60. Rf8 c4 61. Rc8 Kc2 62. Rb8 c3 63. Rc8 Kb2 64. Rb8+ Kc1 65. Rc8 c2 66. Rf8 Rb4 0-1

[Event "SUI-ch U20"]
[Site "Flims"]
[Date "2021.07.11"]
[Round "2"]
[White "Asllani, Dorian"]
[Black "Barth, Can Elian"]
[Result "1/2-1/2"]
[WhiteElo "1970"]
[BlackElo "2040"]
[PlyCount "104"]
[EventDate "2021.07.10"]
[EventType "tourn"]
[EventRounds "7"]
[EventCountry "SUI"]
[SourceTitle "EXT 2022"]
[Source "ChessBase"]
[SourceDate "2021.10.06"]
[SourceVersion "1"]
[SourceVersionDate "2021.10.06"]
[SourceQuality "1"]

1. d4 d5 2. c4 e6 3. Nc3 c6 4. e3 Bd6 5. Nf3 f5 6. Bd3 Nf6 7. Qc2 Ne4 8. Qb3 Nd7 9. 0-0 Ndf6 10. Ne5 Bxe5 11. dxe5 Ng4 12. f4 Nc5 13. Qc2 d4 14. Nd1 dxe3 15. Be2 h5 16. h3 Qh4 17. Bxe3 Ne4 18. Rf3 Bd7 19. c5 Rd8 20. Bf2 Nexf2 21. Nxf2 Bc8 22. g3 Qe7 23. hxg4 hxg4 24. Rd3 Bd7 25. Rad1 g5 26. Qd2 Qh7 27. fxg5 f4 28. Rxd7 Rxd7 29. Qxd7+ Qxd7 30. Rxd7 Kxd7 31. gxf4 g3 32. Ng4 b6 33. cxb6 axb6 34. g6 Ke7 35. Nf6 Kf8 36. Bg4 Kg7 37. Bh5 c5 38. Kg2 b5 39. Kxg3 c4 40. a3 Rd8 41. Ne4 Rd3+ 42. Kf2 Rb3 43. Nc3 Rxb2+ 44. Ke3 Rb3 45. Kd4 Rxa3 46. Nxb5 Rh3 47. Be2 Kxg6 48. Bxc4 Kf5 49. Nd6+ Kxf4 50. Bxe6 Rd3+ 51. Kxd3 Kxe5 52. Bf5 Kxd6 1/2-1/2

[Event "EU Union-ch U14 14th"]
[Site "Mureck"]
[Date "2016.08.05"]
[Round "3"]
[White "Barth, Can Elian"]
[Black "Gombocz, Zsofia"]
[Result "0-1"]
[WhiteElo "1821"]
[BlackElo "1806"]
[PlyCount "76"]
[EventDate "2016.08.03"]
[EventType "swiss"]
[EventRounds "9"]
[EventCountry "AUT"]
[SourceTitle "CBM 174 Extra"]
[Source "ChessBase"]
[SourceDate "2016.10.10"]
[SourceVersion "1"]
[SourceVersionDate "2016.10.10"]
[SourceQuality "1"]

1. d4 d5 2. c4 e6 3. Nc3 Nf6 4. cxd5 exd5 5. Bg5 Be7 6. e3 c6 7. Bd3 Nbd7 8. Nf3 h6 9. Bh4 Nb6 10. Qe2 Be6 11. 0-0 0-0 12. Rab1 a5 13. a3 Nbd7 14. b4 axb4 15. axb4 Qb6 16. Qc2 Rfe8 17. b5 Qa5 18. bxc6 bxc6 19. Rb7 Reb8 20. Rfb1 Rxb7 21. Rxb7 Rb8 22. Rxb8+ Nxb8 23. Qb2 Nbd7 24. Ne5 Qc7 25. Nxd7 Qxd7 26. Qb8+ Qc8 27. Qb6 Nd7 28. Qb2 Bxh4 29. f4 f5 30. Qc2 Nf8 31. Na4 Be7 32. Nb6 Qb7 33. Na4 Qb4 34. Nc3 Bd8 35. Nd1 Ba5 36. h3 Qe1+ 37. Kh2 Bd2 38. Nb2 Bxe3 0-1

[Event "SUI-ch U14"]
[Site "Kreuzlingen"]
[Date "2016.07.02"]
[Round "6"]
[White "Hurlimann, Max"]
[Black "Barth, Can Elian"]
[Result "0-1"]
[WhiteElo "1727"]
[BlackElo "1700"]
[PlyCount "50"]
[EventDate "2016.06.30"]
[EventType "swiss"]
[EventRounds "7"]
[EventCountry "SUI"]
[SourceTitle "EXT 2017"]
[Source "ChessBase"]
[SourceDate "2016.10.25"]
[SourceVersion "1"]
[SourceVersionDate "2016.10.25"]
[SourceQuality "1"]

1. e4 e6 2. d4 d5 3. Nc3 Bb4 4. e5 c5 5. a3 Bxc3+ 6. bxc3 Ne7 7. Qg4 Qc7 8. Qxg7 Rg8 9. Qxh7 cxd4 10. Ne2 Nbc6 11. f4 Bd7 12. Qd3 dxc3 13. Nxc3 Qa5 14. Bd2 Nb4 15. Qh7 Rc8 16. Na2 Qxa3 17. Bxb4 Qe3+ 18. Be2 Bb5 19. c4 Bxc4 20. Qh5 Rxg2 21. Nc1 Bxe2 22. Nxe2 Rc2 23. Kd1 Qd3+ 24. Ke1 Rcxe2+ 25. Kf1 Ra2+ 0-1

[Event "SUI-ch U12"]
[Site "Cham"]
[Date "2014.07.06"]
[Round "7"]
[White "Barth, Can Elian"]
[Black "Zaza, Alexandre"]
[Result "0-1"]
[WhiteElo "1587"]
[BlackElo "1551"]
[PlyCount "164"]
[EventDate "2014.07.03"]
[EventType "swiss"]
[EventRounds "7"]
[EventCountry "SUI"]
[SourceTitle "CBM 161 Extra"]
[Source "ChessBase"]
[SourceDate "2014.08.29"]
[SourceVersion "1"]
[SourceVersionDate "2014.08.29"]
[SourceQuality "1"]

1. d4 d5 2. c4 e6 3. Nc3 Nf6 4. cxd5 exd5 5. Bg5 Nbd7 6. e3 Be7 7. Bd3 0-0 8. Nf3 Re8 9. 0-0 Nf8 10. Qc2 Ng6 11. h3 Ne4 12. Bxe7 Rxe7 13. Nxe4 dxe4 14. Bxe4 Qd6 15. Rac1 Qe6 16. Bxg6 fxg6 17. a3 Qf6 18. Qe2 c6 19. Ne5 Qg5 20. Qf3 Be6 21. Rc5 Bd5 22. e4 Rf8 23. Qd3 b6 24. Rcc1 Be6 25. Rxc6 Rd8 26. Qe3 Qh5 27. Rcc1 Rde8 28. Nc6 Rd7 29. d5 Bxd5 30. g4 Qh4 31. Qg3 Qxg3+ 32. fxg3 Rxe4 33. Nxa7 h6 34. Nc6 Re3 35. Kf2 Rf3+ 36. Ke2 Rxf1 37. Kxf1 Rc7 38. Ne7+ Rxe7 39. Rd1 Bc4+ 40. Kf2 Re2+ 41. Kf3 Rxb2 42. Rd8+ Kh7 43. Rb8 b5 44. a4 Rb3+ 45. Kf4 bxa4 46. Rc8 a3 47. Rxc4 a2 48. Ra4 Rb4+ 49. Rxb4 a1Q 50. Re4 g5+ 51. Kf3 Qf1+ 52. Ke3 Qxh3 53. Kf3 Qf1+ 54. Ke3 Qg2 55. Kd4 Qxg3 56. Kd5 Qd3+ 57. Rd4 Qb3+ 58. Ke4 Qe6+ 59. Kd3 Qe5 60. Kc4 Kg6 61. Rd5 Qxd5+ 62. Kxd5 h5 63. gxh5+ Kxh5 64. Ke4 Kh4 65. Kf3 Kh3 66. Kf2 g4 67. Kg1 g3 68. Kh1 g2+ 69. Kg1 g6 70. Kf2 Kh2 71. Kf3 g1Q 72. Kf4 Qe1 73. Kg5 Qf2 74. Kxg6 Qf4 75. Kh5 Qg3 76. Kh6 Qg4 77. Kh7 Qg5 78. Kh8 Kg3 79. Kh7 Kf4 80. Kh8 Kf5 81. Kh7 Kf6 82. Kh8 Qg7# 0-1